• 首页
  • 本馆介绍
  • 公告通知
  • 最新文献
  • 馆藏检索
  • 电子资源
  • 读者导购
  • 参考咨询
  • 我的图书馆
  • 登录
  • 详细信息显示
  • 放入我的书架
  • 预约/预借图书
  • 作者相关作品
  • 分类相关作品
  • 丛书相关作品
  • 出版社相关作品

书目信息

  • 表格格式
  • 工作单格式
  • 卡片格式
题名:
颅脑损伤诊治
    
 
作者: 易声禹 , 只达石 主编
分册:  
出版信息: 北京   人民卫生出版社  2000.02
页数: 357页
开本: 26cm
丛书名:
单 册:
中图分类: R651.1
科图分类:
主题词: 外科学--各论
电子资源:
ISBN: 7-117-03576-5
000 00630nam0 2200217 45
001 0012160970
005 20001216090540.6
010    @a7-117-03576-5@b精装@d44.00元
100    @a20001216d2000 km y0chiy0120 ea
101 0  @achi
105    @a z 000yy
200 1  @a颅脑损伤诊治@ALu Nao Sun Shang Zhen Zhi@f易声禹,只达石 主编@FYi Sheng Yu,Zhi Da Shi Zhu Bian
210    @a北京@c人民卫生出版社@d2000.02
215    @a357页@d26cm
300    @a附:参考文献
606 0  @a外科学@x各论
690    @aR651.1@v3
701  0 @a易声禹@4主编
701  0 @a只达石@4主编
801    @aCN@b8012@c20001216
905    @aBZT@b73296-297@dR651.1@e3@f2
    
    颅脑损伤诊治/易声禹,只达石 主编.-北京:人民卫生出版社,2000.02
    357页;26cm
    附:参考文献
    
    ISBN 7-117-03576-5(精装):44.00元
    
●
相关链接 在五车中查询图书 在当当中查询图书 在豆瓣中查询图书


正题名:颅脑损伤诊治     索取号:R651.1/3         预约/预借

序号 登录号 条形码 馆藏地/架位号 状态 备注
1 73296   200700937   中心书库中库/ 中库011架B面1列5层25/ [索取号:R651.1/3] 在馆    
2 73297   200700651   中心书库中库/ 中库011架B面1列5层23/ [索取号:R651.1/3] 在馆    
山东省滨州职业学院图书馆 欢迎您!
大连网信软件有限公司© 版权所有